1529 1656 1272 1225 1471 1024 1523 1198 1549 1068 1061 1740 1211 1977 1645 1873 1653 1573 1743 1110 1857 1039 1768 1971 1788 1344 1441 1997 1040 1923 1510 1860 1324 1087 1230 1281 1334 1467 1558 1419 1477 1194 1848 1570 1164 1574 1288 1837 1866 1680 1123 1183 1281 1560 1087 1185 1743 1481 1571 1478 1544 1410 1485 1444 1171 1447 1084 1752 1279 1205 1290 1931 1771 1623 1464 1077 1152 1840 1734 1988 1407 1199 1063 1858 1262 1710 1454 1586 1053 1566 1309 1526 1129 1097 1649 1767 1519 1548 1917 BCNSPRNW ULIB Ver.6.0+V

เปลี่ยนเป็นภาษาไทย

Change to English
 แสดงรายละเอียดบรรณานุกรม
  กลับหน้าหลัก

Brief Record : Get Marc (ISO 2709) : E-mail record : QR code < ปิดหน้าต่าง
LEADER : 00000nam 2200000uu 4500
001    13399111854
003     ULIB
008    110627s2552||||th 000 0 tha d
020    9786165000055
090    นว.^bณ399ส 2552
100 0  ณารา
245 00 สายเลือดแดนตะวัน/^cณารา
250    พิมพ์ครั้งที่ 4
260    กรุงเทพฯ :^bพิมพ์คำ,^c2552
300    551 หน้า
945    ^p340^l0^i026733
995    ทศพร
999 ^a ใช้งานได้ทุกระบบ
รายการนี้ยังไม่มีแท็ก
คุณยังไม่ได้ล็อกอิน คุณสามารถมีกิจกรรมร่วมกับเว็บไซต์ได้ แต่ต้องล็อกอินก่อน ::
  ล็อกอิน

รายการสื่อสารสนเทศ

ลำดับที่ ประเภท เลขเรียก/บาร์โค้ด สถานที่ สถานะ
- ไม่พบข้อมูล -

รายการใกล้เคียง
    ผู้แต่ง [ณารา]

BibComment


ยังไม่เคยถูกคอมเมนท์

คอมเมนท์ทรัพยากรรายการนี้
  คอมเมนท์: สายเลือดแดนตะวัน ..


 Copyright 2026. Bcnsprnw @Library